000 00623nam a2200205Ia 4500
001 9688
003 GE_BSU
008 181216s||||||||xx |||||||||||||| ||und||
040 _cGE_BSU
080 _a821.353.1-94
100 _aნაკაშიძე,ნ.
245 _aმოგონებები
245 _cრედ.გ.ნატროშვილი.მხატვ.რედ.გ.დიკი
260 _aთბილისი
260 _bსაბლიტგამი
260 _c1956
300 _a219გვ.ფოტოები.20სმ.
653 _aმოგონებები
942 _cBK
999 _c42971
_d42971